00357nam a2200145Ia 4500008004100000020001500041041000800056082001800064100001800082245003500100250000600135260004400141300001100185650001500196210716s2006 xx 000 0 und d a8131405745 aeng a658.4092 KUMK aKumar, K B S. aThought leaders on leadership. a1 aHyderabadbICFAI University Pressc2006 axi,221 aLeadership